| 000 | 00385nam a2200121Ia 4500 | ||
|---|---|---|---|
| 008 | 220216s9999 xx 000 0 und d | ||
| 100 | _aJoseph K.M. | ||
| 245 | 0 | _aProgress and prospects of development of smallholdings in India | |
| 260 |
_bIRRDB Scientific Symposium, Part I, 26-28 September 1974, Cochin, India. _c1974 |
||
| 650 | _aSmallholdings | ||
| 700 | _aJacob G. | ||
| 942 | _cBS | ||
| 999 |
_c52560 _d52560 |
||